01049nam a2200193Ia 4500001001000000003001000010008004100020040002500061041001300086100003200099245003300131250001100164260009200175300001200267500021900279501011400498520021900612650002400831L230-5825IT-CnALBA170116s9999||||xx |||||||||||||| ||und|| aIT-CnALBAcIT-CnALBA aITALIANO aRATZINGER JOSEPH, CARDINALE 0aLA CHIESA AI NOSTRI GIORNI.  a1a ed. aCINISELLO BALSAMO (MI)bEDIZIONI PAOLINEc1966 [1° Ed.:1966 - Ed.Ling.Originale: 1965] a108 p.  aIL DESTINO DI GESÙ E LA CHIESA. CHIESA MISSIONARIA. TRADUZIONE DAL TEDESCO DI CECILIA MATTA. CHIESA MADRE. CHIESA SEGNO DEL FUTURO. CHIESA POVERA. UMANITÀ NUOVA. ALTRI COLLABORATORI: PAWELS CONGAR. WINKLHOFER.  aSocietà San Paolo EM - Piazza San Paolo, 14 - 12051 ALBA (CN) (non commercial uses only) ® Copyright 2017 aIL DESTINO DI GESÙ E LA CHIESA. CHIESA MISSIONARIA. TRADUZIONE DAL TEDESCO DI CECILIA MATTA. CHIESA MADRE. CHIESA SEGNO DEL FUTURO. CHIESA POVERA. UMANITÀ NUOVA. ALTRI COLLABORATORI: PAWELS CONGAR. WINKLHOFER.  aDOGMATICA CRISTIANA